00664nam a2200169 a 450000100100000000500170001000800410002704000250006808200150009311001180010824500630022626000390028930000270032804900090035595201130036499900170047700002958020200930055643.0110419s1972 dr 000 0 spa d aDO-SdBNPbspacBNPHU axxxbS446a1 aSecretaría de Estado y Educación, Bellas Artes y Cultos.bDirección General de Educación Física.95641010aAptitud física para adultos :bprograma para el hombre/. aSanto Domingo :bLa Famosa,c1972. a40 p. :bil. ;c22 cm. aBNPD 0010718PDaPDbPDcCTd2011-04-19iLF1l0oxxx S446ap29580-10r2020-06-25w2020-06-25yLFPDZNo se presta c29072d29072